|
|
|
|
| LEADER |
01370cam a2200337 7i4500 |
| 001 |
0000035807 |
| 005 |
20200519090000.0 |
| 020 |
|
|
|a 9780071410175 (pbk.)
|
| 020 |
|
|
|a 0071410171 (pbk.)
|
| 090 |
0 |
0 |
|a QH323.5
|b .D35 2004
|
| 100 |
1 |
|
|a Dawson, Beth
|
| 245 |
1 |
0 |
|a Basic & clinical biostatistics
|c Beth Dawson, Robert G. Trapp.
|
| 246 |
3 |
|
|a Basic and clinical biostatistics.
|
| 250 |
|
|
|a 4th ed.
|
| 260 |
|
|
|a New York:
|b Lange Medical Books/McGraw-Hill, Medical Pub. Division,
|c 2004.
|
| 300 |
|
|
|a x, 438 p.:
|b ill.;
|c 23 cm..
|
| 501 |
|
|
|a With CD-ROM : NCSS 2004/ PASS 2002 to accompany Basic & Clinical Biostatistics, fourth edition / Dawson, Trapp
|
| 504 |
|
|
|a Includes bibliographical references and index
|
| 650 |
0 |
0 |
|a Biometry --
|x Methods
|
| 650 |
0 |
0 |
|a Biometry
|
| 650 |
0 |
0 |
|a Statistics
|
| 700 |
1 |
|
|a Trapp, Robert G
|
| 997 |
|
|
|a Business & Accountancy, Faculty
|
| 997 |
|
|
|a Health Sciences, Faculty
|
| 998 |
|
|
|a Medical Science Laboratory, Degree
|
| 998 |
|
|
|a Sport Management Industry, Diploma
|
| 999 |
|
|
|a 0000053478
|b BOK
|c OPEN SHELF
|e 1st Floor, Shah Alam
|
| 999 |
|
|
|a 0000053479
|b BOK
|c OPEN SHELF
|e 1st Floor, Shah Alam
|
| 999 |
|
|
|a 0000053480
|b BOK
|c OPEN SHELF
|e 1st Floor, Shah Alam
|
| 999 |
|
|
|a CDR0002183
|b CD-ROM
|c OPEN SHELF
|e Circulation Counter, Shah Alam
|
| 999 |
|
|
|a CDR0002184
|b CD-ROM
|c OPEN SHELF
|e Circulation Counter, Shah Alam
|